Catálogo

HEPATITIS (Registro nro. 38086)

Detalles MARC
000 -LEADER
fixed length control field 00477nam a2200181 a 4500
001 - CONTROL NUMBER
control field 38086
005 - DATE AND TIME OF LATEST TRANSACTION
control field 20180714011240.0
008 - FIXED-LENGTH DATA ELEMENTS--GENERAL INFORMATION
fixed length control field 140415s2000 mx 000 0 spa d
020 ## - INTERNATIONAL STANDARD BOOK NUMBER
International Standard Book Number 9701025415
041 ## - LANGUAGE CODE
Language code of text/sound track or separate title spa
082 ## - DEWEY DECIMAL CLASSIFICATION NUMBER
Classification number 616.3623
Item number ASO
100 1# - MAIN ENTRY--PERSONAL NAME
Personal name ASOCIACION MEXICANA DE PEDIATRIA
245 10 - TITLE STATEMENT
Title HEPATITIS
250 ## - EDITION STATEMENT
Edition statement 1a ed.
260 ## - PUBLICATION, DISTRIBUTION, ETC.
Place of publication, distribution, etc. MEXICO :
Name of publisher, distributor, etc. MCGRAW-HILL INTERAMERICANA EDITORES,
Date of publication, distribution, etc. 2000
300 ## - PHYSICAL DESCRIPTION
Extent 218
650 14 - SUBJECT ADDED ENTRY--TOPICAL TERM
Topical term or geographic name entry element HEPATITIS
General subdivision PEDIATRIA
Existencias
Withdrawn status Lost status Source of classification or shelving scheme Damaged status Not for loan Collection code Home library Current library Shelving location Date acquired Source of acquisition Inventory number Total Checkouts Full call number Barcode Date last seen Price effective from Koha item type Date last checked out Total Renewals
    Dewey Decimal Classification     General Biblioteca Karol Wojtyla Biblioteca Karol Wojtyla Sala general 03/12/2013 Compra 151000000000000000002380   616.3623 ASO 57375 05/01/2026 03/12/2013 Libro    
    Dewey Decimal Classification     General Biblioteca Karol Wojtyla Biblioteca Karol Wojtyla Sala general 03/12/2013 Compra 151000000000000000002379   616.3623 ASO 57377 17/09/2024 03/12/2013 Libro 09/03/2017  
  Extraviado Dewey Decimal Classification       Biblioteca Karol Wojtyla Biblioteca Karol Wojtyla   03/12/2013 Compra     616.3623 ASO 57376   03/12/2013 Libro    
  Extraviado Dewey Decimal Classification       Biblioteca Karol Wojtyla Biblioteca Karol Wojtyla   03/12/2013 Compra     616.3623 ASO 57378   03/12/2013 Libro    
    Dewey Decimal Classification     General Biblioteca Karol Wojtyla Biblioteca Karol Wojtyla Sala general 03/12/2013 Compra 151000000000000000002378   616.3623 ASO 57379 05/01/2026 03/12/2013 Libro    
    Dewey Decimal Classification     General Biblioteca Karol Wojtyla Biblioteca Karol Wojtyla Sala general 03/12/2013 Compra 151000000000000000002377   616.3623 ASO 57380 05/01/2026 03/12/2013 Libro    
    Dewey Decimal Classification     General Biblioteca Karol Wojtyla Biblioteca Karol Wojtyla Sala general 03/12/2013 Compra 151000000000000000002381 2 616.3623 ASO 57374 05/01/2026 03/12/2013 Libro 07/05/2024 1